|
|
|
|
| LEADER |
00633cam a2200205 7i4500 |
| 001 |
0000019286 |
| 005 |
20070524090000.0 |
| 020 |
0 |
0 |
|a 983-9738-00-3
|
| 090 |
0 |
0 |
|a M 333.916409595
|b PET
|
| 110 |
2 |
0 |
|a PETRONAS
|
| 245 |
2 |
0 |
|a Marine heritage of Malaysia.
|
| 260 |
0 |
0 |
|a Kuala Lumpur:
|b PETRONAS,
|c 1992.
|
| 300 |
# |
# |
|a 135 p.
|
| 650 |
0 |
0 |
|a Marine parks and reserves --
|z Malaysia
|
| 650 |
0 |
0 |
|a Marine resources --
|z Malaysia
|
| 650 |
0 |
0 |
|a Marine resources --
|x Government policy --
|z Malaysia
|
| 651 |
0 |
0 |
|a Malaysia
|
| 700 |
1 |
1 |
|a Salleh Mohd Nor
|
| 700 |
1 |
1 |
|a Wan Portiah Hamzah
|
| 999 |
|
|
|a 0000020124
|b Book
|c Malaysia
|e Business Information Centre
|